| 000 | 00531nam a2200169 i 4500 | ||
|---|---|---|---|
| 001 | 85836 | ||
| 003 | ES-MaACL | ||
| 005 | 20230906175323.0 | ||
| 007 | t| | ||
| 008 | 041202s1973 sp ||||1| spa d | ||
| 100 | 1 |
_aKeefer, Chester S. _967707 |
|
| 245 | 1 | 0 |
_aMedicina _b: compendio de práctica clínica / _cChester S. Keefer ; dirigido por Robert W. Wilkins. |
| 260 |
_aBarcelona : _bSalvat, _c[1973] |
||
| 300 |
_aXVI, 856 p. : _bil. ; _c25 cm. |
||
| 700 | 1 |
_aWilkins, Robert W. _9116860 |
|
| 852 |
_aES-MaACL _jC-53270 _bR.86309 |
||
| 999 |
_c85836 _d85836 |
||